[Event "Piestany op-B"]
[Site "Piestany"]
[Date "2023.07.18"]
[Round "8"]
[White "Cvirik, Vladimir"]
[Black "Andre, Tomas"]
[Result "0-1"]
[WhiteElo "1803"]
[BlackElo "1632"]
[PlyCount "100"]
[EventDate "2023.07.11"]
[EventType "swiss"]
[EventRounds "9"]
[EventCountry "SVK"]
[SourceTitle "EXT 2024"]
[Source "ChessBase"]
[SourceDate "2023.10.10"]
[SourceVersion "1"]
[SourceVersionDate "2023.10.10"]
[SourceQuality "1"]

1. d4 Nf6 2. c4 g6 3. Nc3 d5 4. cxd5 Nxd5 5. e4 Nxc3 6. bxc3 Bg7 7. Bc4 c5 8. Ne2 Qc7 9. Qb3 0-0 10. 0-0 Nc6 11. Bb2 cxd4 12. Bd3 Be6 13. Qa3 Rfd8 14. Rfd1 dxc3 15. Bxc3 Bxc3 16. Qxc3 Qe5 17. Rab1 Qxc3 18. Nxc3 Ne5 19. Be2 b6 20. f4 Nc4 21. Rb4 Ne3 22. Rxd8+ Rxd8 23. a4 Rc8 24. Nb5 Bg4 25. Bd3 a5 26. Rd4 Nc2 27. Rc4 Rxc4 28. Bxc4 Ne3 29. Bb3 Bd1 30. Bxd1 Nxd1 31. Kf1 Ne3+ 32. Kf2 Nc4 33. Ke2 Nd6 34. Nxd6 exd6 35. Kd3 f5 36. exf5 gxf5 37. Kc4 Kf7 38. Kb5 d5 39. h3 h5 40. g3 Kf6 41. Kxb6 d4 42. Kxa5 d3 43. Kb6 d2 44. a5 d1Q 45. a6 Qb3+ 46. Kc7 Qxg3 47. a7 Qxf4+ 48. Kc8 Qa4 49. Kb8 f4 50. a8Q Qxa8+ 0-1

[Event "Piestany op-B"]
[Site "Piestany"]
[Date "2023.07.15"]
[Round "5"]
[White "Cocquyt, Tijs"]
[Black "Cvirik, Vladimir"]
[Result "1-0"]
[WhiteElo "2053"]
[BlackElo "1803"]
[PlyCount "85"]
[EventDate "2023.07.11"]
[EventType "swiss"]
[EventRounds "9"]
[EventCountry "SVK"]
[SourceTitle "EXT 2024"]
[Source "ChessBase"]
[SourceDate "2023.10.10"]
[SourceVersion "1"]
[SourceVersionDate "2023.10.10"]
[SourceQuality "1"]

1. e4 c5 2. Nc3 Nc6 3. Bb5 e5 4. d3 a6 5. Bxc6 bxc6 6. Nf3 d6 7. h3 f5 8. exf5 Bxf5 9. 0-0 Nf6 10. Nh4 Be6 11. f4 e4 12. dxe4 Nd7 13. Nf3 Be7 14. f5 Bc4 15. Rf2 0-0 16. Bf4 Nf6 17. Rd2 Ne8 18. b3 Bf7 19. e5 d5 20. Qe1 Nc7 21. g4 Qb8 22. Ne2 c4 23. Kg2 Qb7 24. Qg3 Nb5 25. a4 Na7 26. g5 g6 27. e6 Be8 28. f6 Bxf6 29. gxf6 Rxf6 30. bxc4 Rxe6 31. cxd5 cxd5 32. Ned4 Re4 33. Ng5 Qb2 34. Rad1 Re7 35. Bd6 Rd7 36. Rf1 Bf7 37. Nxf7 Rxf7 38. Rxf7 Kxf7 39. Qe5 Nc6 40. Rf2+ Kg8 41. Qe6+ Kg7 42. Rf7+ Kh6 43. Bf4+ 1-0

[Event "Piestany op-B"]
[Site "Piestany"]
[Date "2023.07.11"]
[Round "1"]
[White "Cvirik, Vladimir"]
[Black "Dubnicka, Ferdinand"]
[Result "0-1"]
[WhiteElo "1803"]
[BlackElo "1396"]
[PlyCount "52"]
[EventDate "2023.07.11"]
[EventType "swiss"]
[EventRounds "9"]
[EventCountry "SVK"]
[SourceTitle "EXT 2024"]
[Source "ChessBase"]
[SourceDate "2023.10.10"]
[SourceVersion "1"]
[SourceVersionDate "2023.10.10"]
[SourceQuality "1"]

1. d4 Nf6 2. c4 d6 3. Nc3 g6 4. g3 Bg7 5. Bg2 0-0 6. e4 e5 7. Be3 Nc6 8. Nge2 Ng4 9. Qd2 Nxe3 10. fxe3 Bg4 11. 0-0 Qg5 12. d5 Nd4 13. h4 Nxe2+ 14. Nxe2 Qh5 15. Nc3 a6 16. b4 f5 17. c5 Rf7 18. Rf2 Raf8 19. Raf1 Bh6 20. Bf3 f4 21. exf4 exf4 22. Bxg4 Qxg4 23. Qd3 f3 24. Kh2 Bg7 25. Rg1 Be5 26. Qd2 Qxh4# 0-1

[Event "SVK-chT2B 2223"]
[Site "Slovakia"]
[Date "2023.03.26"]
[Round "11.4"]
[White "Krcmar, Milan"]
[Black "Cvirik, Vladimir"]
[Result "0-1"]
[WhiteElo "1915"]
[BlackElo "1794"]
[PlyCount "92"]
[EventDate "2022.10.08"]
[EventType "team-tourn"]
[EventRounds "11"]
[EventCountry "SVK"]
[SourceTitle "EXT 2024"]
[Source "ChessBase"]
[SourceDate "2023.10.10"]
[SourceVersion "1"]
[SourceVersionDate "2023.10.10"]
[SourceQuality "1"]
[WhiteTeam "Nemsova Horne Srnie"]
[BlackTeam "Surany"]
[WhiteTeamCountry "SVK"]
[BlackTeamCountry "SVK"]

1. e4 c5 2. Nf3 Nc6 3. Bb5 e6 4. Bxc6 dxc6 5. 0-0 g6 6. Nc3 Bg7 7. Qe2 Ne7 8. a4 a5 9. Ra3 b6 10. d3 Ba6 11. Be3 b5 12. Nd1 Qd6 13. Ra2 b4 14. Nd2 0-0 15. b3 Rfd8 16. Nb2 Bd4 17. Nbc4 Qc7 18. Qg4 f5 19. Qh3 Bxc4 20. Nxc4 Rf8 21. Bg5 Nc8 22. Qh4 Rf7 23. Bd8 Qd7 24. e5 Ne7 25. Bxe7 Qxe7 26. Qxe7 Rxe7 27. g3 Rf7 28. Kg2 h5 29. f4 Rh7 30. Nd2 Kf7 31. Nf3 Ke7 32. Kh3 Rg8 33. Kh4 Rgg7 34. Re1 Rh8 35. Re2 Rh6 36. Nd2 Rh8 37. Nf3 Rh6 38. Ng5 Rh8 39. Nf3 Kf7 40. Nd2 Rhg8 41. Nc4 g5+ 42. fxg5 Rxg5 43. Kh3 h4 44. Kxh4 f4 45. Nd6+ Ke7 46. gxf4 R5g7 0-1

[Event "SVK-chT3A2 2223"]
[Site "Slovakia"]
[Date "2023.02.19"]
[Round "7.5"]
[White "Kanka, Tomas"]
[Black "Cvirik, Vladimir"]
[Result "0-1"]
[WhiteElo "1671"]
[BlackElo "1794"]
[PlyCount "65"]
[EventDate "2022.10.16"]
[EventType "team-tourn"]
[EventRounds "9"]
[EventCountry "SVK"]
[SourceTitle "EXT 2024"]
[Source "ChessBase"]
[SourceDate "2023.10.10"]
[SourceVersion "1"]
[SourceVersionDate "2023.10.10"]
[SourceQuality "1"]
[WhiteTeam "Gbely Nafta"]
[BlackTeam "Surovce"]
[WhiteTeamCountry "SVK"]
[BlackTeamCountry "SVK"]

1. e4 c5 2. d4 cxd4 3. c3 dxc3 4. Nxc3 Nc6 5. Bc4 e6 6. Nf3 a6 7. 0-0 b5 8. Bb3 Bb7 9. Bf4 Bc5 10. Qe2 Qb6 11. Rfd1 Nge7 12. Nd5 Nxd5 13. exd5 Ne7 14. dxe6 dxe6 15. Ne5 Ng6 16. Nxg6 hxg6 17. Bd5 0-0 18. Bxb7 Qxb7 19. Rd3 Qe7 20. Qg4 Rfd8 21. Rad1 Rxd3 22. Rxd3 Rd8 23. Rxd8+ Qxd8 24. h4 Qd4 25. Qg3 Qxb2 26. Be5 Bxf2+ 27. Qxf2 Qxe5 28. Qd2 Qd5 29. Qc3 Qc4 30. Qg3 Qxa2 31. Qb8+ Kh7 32. Qf8 e5 33. Qe8 0-1

[Event "SVK-chT3A2 2223"]
[Site "Slovakia"]
[Date "2023.01.22"]
[Round "5.5"]
[White "Cvirik, Vladimir"]
[Black "Palka, Miroslav"]
[Result "0-1"]
[WhiteElo "1794"]
[BlackElo "1693"]
[PlyCount "106"]
[EventDate "2022.10.16"]
[EventType "team-tourn"]
[EventRounds "9"]
[EventCountry "SVK"]
[SourceTitle "EXT 2024"]
[Source "ChessBase"]
[SourceDate "2023.10.10"]
[SourceVersion "1"]
[SourceVersionDate "2023.10.10"]
[SourceQuality "1"]
[WhiteTeam "Surovce"]
[BlackTeam "Senica SK"]
[WhiteTeamCountry "SVK"]
[BlackTeamCountry "SVK"]

1. d4 Nf6 2. c4 d6 3. Nc3 g6 4. g3 Bg7 5. Bg2 0-0 6. e4 c6 7. Nge2 Bd7 8. 0-0 Na6 9. Bg5 h6 10. Bd2 e5 11. Qc1 Kh7 12. d5 cxd5 13. exd5 Bf5 14. Be3 Ng4 15. Qd2 Nxe3 16. fxe3 Qc8 17. b3 Nc7 18. Rac1 Bh3 19. Ne4 Bxg2 20. Kxg2 Qd8 21. Qb4 Ne8 22. Rf2 f5 23. Rcf1 Qe7 24. N4c3 Nf6 25. h3 b6 26. a4 h5 27. Ng1 Bh6 28. Re2 Rad8 29. Nf3 Qc7 30. Nb5 Qd7 31. Nd2 a6 32. Nc3 Qc7 33. Nd1 Qc5 34. Qc3 a5 35. Nf2 Nxd5 36. Qd3 Nxe3+ 37. Kg1 Nxf1 38. Nxf1 e4 39. Qd1 d5 40. cxd5 Rxd5 41. Qb1 Rfd8 42. Rc2 Qd6 43. g4 Qf4 44. Rc3 hxg4 45. hxg4 Bg7 46. Rh3+ Kg8 47. gxf5 Rxf5 48. Qc2 Bd4 49. Qc4+ Kg7 50. Kh1 Bxf2 51. Qa6 Bh4 52. Rxh4 Qxh4+ 53. Kg2 Qf2+ 0-1

[Event "SVK-chT3A2 2223"]
[Site "Slovakia"]
[Date "2022.12.04"]
[Round "3.4"]
[White "Malar, Pavol"]
[Black "Cvirik, Vladimir"]
[Result "0-1"]
[WhiteElo "2021"]
[BlackElo "1818"]
[PlyCount "103"]
[EventDate "2022.10.16"]
[EventType "team-tourn"]
[EventRounds "9"]
[EventCountry "SVK"]
[SourceTitle "EXT 2024"]
[Source "ChessBase"]
[SourceDate "2023.10.10"]
[SourceVersion "1"]
[SourceVersionDate "2023.10.10"]
[SourceQuality "1"]
[WhiteTeam "Hlohovec"]
[BlackTeam "Surovce"]
[WhiteTeamCountry "SVK"]
[BlackTeamCountry "SVK"]

1. e4 e5 2. Nf3 Nc6 3. Bb5 Nge7 4. 0-0 g6 5. d4 Bg7 6. c3 a6 7. Ba4 exd4 8. cxd4 b5 9. Bb3 0-0 10. Nc3 Qe8 11. e5 d6 12. exd6 cxd6 13. Re1 Qd7 14. Bg5 Ra7 15. Qd2 d5 16. Ne5 Nxe5 17. dxe5 Qf5 18. Bxe7 Rxe7 19. Nxd5 Ree8 20. f4 Bb7 21. Bc2 Qc8 22. Nb6 Qc7 23. Nd7 Rd8 24. e6 fxe6 25. Bb3 Rxd7 26. Bxe6+ Rdf7 27. Rac1 Qb6+ 28. Kh1 Kh8 29. Bxf7 Rxf7 30. Qb4 Qf6 31. Re8+ Bf8 32. Rf1 Kg8 33. Qd2 Kg7 34. Qd8 Qc6 35. Qd4+ Kg8 36. Re2 Bg7 37. Qd2 Qf6 38. Re8+ Bf8 39. Qe2 Re7 40. Rxe7 Qxe7 41. Qxe7 Bxe7 42. f5 Bd5 43. fxg6 hxg6 44. Rd1 Bxa2 45. Ra1 Bc4 46. Rxa6 Kf7 47. Rb6 b4 48. Rb7 b3 49. Rd7 Be6 50. Rd2 Bf5 51. Kg1 Bf6 52. Kf2 0-1

[Event "SVK-chT2B 2122"]
[Site "Slovakia"]
[Date "2022.04.30"]
[Round "10.5"]
[White "Cvirik, Vladimir"]
[Black "Beres, Dominik"]
[Result "0-1"]
[WhiteElo "1820"]
[BlackElo "1964"]
[PlyCount "92"]
[EventDate "2021.10.16"]
[EventType "team-tourn"]
[EventRounds "11"]
[EventCountry "SVK"]
[SourceTitle "EXT 2023"]
[Source "ChessBase"]
[SourceDate "2022.10.05"]
[SourceVersion "1"]
[SourceVersionDate "2022.10.05"]
[SourceQuality "1"]
[WhiteTeam "Surany"]
[BlackTeam "Tlmace"]
[WhiteTeamCountry "SVK"]
[BlackTeamCountry "SVK"]

1. d4 c6 2. c4 d6 3. Nc3 Qc7 4. g3 Nf6 5. Bg2 e5 6. e3 Be7 7. Nge2 0-0 8. 0-0 Re8 9. Bd2 Bf5 10. e4 Be6 11. d5 Bc8 12. b3 Nbd7 13. f4 a5 14. Be3 Ng4 15. Qd2 Bf8 16. Rad1 Nxe3 17. Qxe3 exf4 18. Qxf4 Ne5 19. Nd4 Bg4 20. Rd2 Rad8 21. h3 Bc8 22. Kh2 g6 23. Nf3 Bg7 24. Ne2 c5 25. Nxe5 Bxe5 26. Qh6 a4 27. Rd3 Rf8 28. Rdf3 axb3 29. axb3 Qe7 30. Qe3 Bd7 31. Nf4 Ra8 32. Nd3 Bd4 33. Qe2 b5 34. Re1 Bc3 35. Ref1 b4 36. Nf2 Ra3 37. Qc2 Bg7 38. Ng4 Bxg4 39. hxg4 Qa7 40. Bh3 Bd4 41. Qc1 Qe7 42. g5 Ra2+ 43. Kh1 Qxe4 44. Bg2 Qe2 45. Rg1 Bxg1 46. Qxg1 Rfa8 0-1

[Event "SVK-chT2B 1920"]
[Site "Slovakia"]
[Date "2019.11.16"]
[Round "3.7"]
[White "Beres, Dominik"]
[Black "Cvirik, Vladimir"]
[Result "1/2-1/2"]
[WhiteElo "1970"]
[BlackElo "1822"]
[PlyCount "44"]
[EventDate "2019.10.26"]
[EventType "team-tourn"]
[EventRounds "11"]
[EventCountry "SVK"]
[SourceTitle "CBM 193 Extra"]
[Source "ChessBase"]
[SourceDate "2020.01.31"]
[SourceVersion "1"]
[SourceVersionDate "2020.01.31"]
[SourceQuality "1"]
[WhiteTeam "Tlmace"]
[BlackTeam "Surany"]
[WhiteTeamCountry "SVK"]
[BlackTeamCountry "SVK"]

1. e4 c5 2. Nf3 Nc6 3. d4 cxd4 4. Nxd4 d6 5. g3 g6 6. Bg2 Bg7 7. c3 Nxd4 8. cxd4 Qb6 9. e5 dxe5 10. dxe5 Bxe5 11. Qe2 Bf6 12. Nc3 Bxc3+ 13. bxc3 Bd7 14. 0-0 Bc6 15. Bh3 Qc5 16. Be3 Qd5 17. f3 Bb5 18. c4 Bxc4 19. Qb2 Nf6 20. Rfe1 0-0 21. Bg2 Qb5 22. Qa3 Nd5 1/2-1/2

[Event "SVK-chT2B 1617"]
[Site "Slovakia"]
[Date "2017.03.12"]
[Round "11.7"]
[White "Cvirik, Vladimir"]
[Black "Izak, Milan"]
[Result "0-1"]
[WhiteElo "1805"]
[BlackElo "1903"]
[PlyCount "108"]
[EventDate "2016.10.08"]
[EventType "team-tourn"]
[EventRounds "11"]
[EventCountry "SVK"]
[SourceTitle "EXT 2018"]
[Source "ChessBase"]
[SourceDate "2017.10.13"]
[SourceVersion "1"]
[SourceVersionDate "2017.10.13"]
[SourceQuality "1"]
[WhiteTeam "Surany Lokomotiva"]
[BlackTeam "Sala Slovan Duslo"]
[WhiteTeamCountry "SVK"]
[BlackTeamCountry "SVK"]

1. d4 Nf6 2. c4 c5 3. e3 e6 4. Nf3 cxd4 5. Nxd4 a6 6. Nc3 Qc7 7. Bd2 b6 8. b3 Bb7 9. Nf3 Be7 10. g3 d6 11. Bg2 Nbd7 12. 0-0 0-0 13. Ne1 Rfc8 14. Bxb7 Qxb7 15. Qf3 Rab8 16. Rd1 Nc5 17. Qxb7 Rxb7 18. f3 b5 19. cxb5 axb5 20. b4 Ncd7 21. Nd3 d5 22. Nb1 Nb6 23. Bc3 Nc4 24. Rfe1 Ra7 25. Re2 Rca8 26. Nc1 Ra4 27. e4 dxe4 28. fxe4 Bxb4 29. Nd3 Be7 30. Nc1 Bc5+ 31. Kh1 Ng4 32. Rd7 Nge5 33. Rc7 Bd6 34. Bxe5 Bxe5 35. Rc5 Rb8 36. Nd2 Nxd2 37. Rxd2 Rxe4 38. Nd3 Bf6 39. Rdc2 g6 40. Kg2 Rd4 41. Nf2 Rd5 42. Rc7 Kg7 43. Ne4 b4 44. g4 Be5 45. Ra7 h6 46. Rc6 Rd4 47. Kf3 b3 48. Rxe6 Rxe4 49. axb3 Rf4+ 50. Ke2 Bb2 51. Ree7 Rxb3 52. g5 hxg5 53. Re8 Bd4 54. Ke1 Rb2 0-1

[Event "SVK-chT2B 1617"]
[Site "Slovakia"]
[Date "2017.02.12"]
[Round "9.7"]
[White "Sokol, Eduard"]
[Black "Cvirik, Vladimir"]
[Result "0-1"]
[WhiteElo "1689"]
[BlackElo "1828"]
[PlyCount "92"]
[EventDate "2016.10.08"]
[EventType "team-tourn"]
[EventRounds "11"]
[EventCountry "SVK"]
[SourceTitle "EXT 2018"]
[Source "ChessBase"]
[SourceDate "2017.10.13"]
[SourceVersion "1"]
[SourceVersionDate "2017.10.13"]
[SourceQuality "1"]
[WhiteTeam "Prievidza II"]
[BlackTeam "Surany Lokomotiva"]
[WhiteTeamCountry "SVK"]
[BlackTeamCountry "SVK"]

1. Nf3 Nf6 2. c4 c5 3. Nc3 Nc6 4. g3 g6 5. Bg2 Bg7 6. 0-0 0-0 7. d3 d6 8. e4 Bg4 9. Qc2 Nd7 10. a3 Bxf3 11. Bxf3 Nd4 12. Qd1 Ne5 13. Bg2 Qd7 14. f4 Nec6 15. Be3 f5 16. Kh1 Rae8 17. Rb1 b6 18. Ne2 e6 19. b4 Kh8 20. b5 Ne7 21. Nxd4 cxd4 22. Bc1 fxe4 23. Bxe4 d5 24. cxd5 Nxd5 25. Bd2 Rc8 26. Qf3 Rfd8 27. Bxd5 exd5 28. Rfc1 Rxc1+ 29. Bxc1 Rc8 30. Bb2 Qxb5 31. Qd1 Qd7 32. Qb3 Qe6 33. Qd1 h5 34. Rc1 Re8 35. a4 Qe2 36. Ba3 Qf2 37. Qf1 Qa2 38. Ra1 Qc2 39. Qd1 Qf2 40. Qf1 Qc2 41. Qd1 Qc3 42. Kg2 Re3 43. Qc1 Rxd3 44. Bd6 Rd2+ 45. Kh3 Rc2 46. Qe1 Qc8+ 0-1

[Event "SVK-chT2B 1617"]
[Site "Slovakia"]
[Date "2017.02.11"]
[Round "8.6"]
[White "Mrazik, Vladislav"]
[Black "Cvirik, Vladimir"]
[Result "1-0"]
[WhiteElo "1830"]
[BlackElo "1828"]
[PlyCount "87"]
[EventDate "2016.10.08"]
[EventType "team-tourn"]
[EventRounds "11"]
[EventCountry "SVK"]
[SourceTitle "EXT 2018"]
[Source "ChessBase"]
[SourceDate "2017.10.13"]
[SourceVersion "1"]
[SourceVersionDate "2017.10.13"]
[SourceQuality "1"]
[WhiteTeam "Trencin"]
[BlackTeam "Surany Lokomotiva"]
[WhiteTeamCountry "SVK"]
[BlackTeamCountry "SVK"]

1. d4 g6 2. c4 Bg7 3. Nc3 d6 4. g3 e6 5. Bg2 Nc6 6. Nf3 Nf6 7. 0-0 0-0 8. e4 Ne7 9. h3 c6 10. Be3 Nd7 11. Qd2 f5 12. Bh6 fxe4 13. Nxe4 Nf6 14. Nxf6+ Rxf6 15. Bxg7 Kxg7 16. Qc3 Qf8 17. Rae1 Bd7 18. Ng5 d5 19. f4 h6 20. Nf3 Nf5 21. Kh2 Nd6 22. Ne5 Rd8 23. c5 Ne8 24. g4 Nc7 25. Qe3 Qe7 26. g5 hxg5 27. fxg5 Rf5 28. h4 Rh8 29. Kg3 Rhf8 30. Bh3 Rxf1 31. Rxf1 Rxf1 32. Bxf1 Be8 33. Bd3 b6 34. b4 b5 35. Ng4 Kf8 36. Qf4+ Qf7 37. Nf6 Na6 38. a3 Nc7 39. Qd6+ Kg7 40. Kg4 Na6 41. Qe5 Kf8 42. Nxe8 Kxe8 43. Qf6 Nc7 44. Bxg6 1-0

[Event "SVK-chT3A2 1516"]
[Site "Slovakia"]
[Date "2015.11.29"]
[Round "4"]
[White "Brunovsky, Peter"]
[Black "Cvirik, Vladimir"]
[Result "1/2-1/2"]
[WhiteElo "1852"]
[BlackElo "1865"]
[PlyCount "103"]
[EventDate "2015.10.11"]
[EventType "team-tourn"]
[EventRounds "11"]
[EventCountry "SVK"]
[SourceTitle "EXT 2020"]
[Source "ChessBase"]
[SourceDate "2019.10.17"]
[SourceVersion "1"]
[SourceVersionDate "2019.10.17"]
[SourceQuality "1"]
[WhiteTeam "Gbely Nafta"]
[BlackTeam "Sered MSK"]
[WhiteTeamCountry "SVK"]
[BlackTeamCountry "SVK"]

1. c4 c5 2. e4 Nc6 3. g3 g6 4. Bg2 Bg7 5. Ne2 e6 6. Nbc3 Nge7 7. 0-0 0-0 8. d3 b6 9. h3 Bb7 10. Kh2 Nd4 11. Nxd4 Bxd4 12. Bh6 Bg7 13. Bxg7 Kxg7 14. b3 d5 15. Qc2 d4 16. Ne2 Qc7 17. f4 f5 18. e5 Bxg2 19. Kxg2 a6 20. Ng1 h6 21. Kh2 Nc6 22. Qg2 Rab8 23. Rac1 Qb7 24. Rf2 Nb4 25. Rd2 Qxg2+ 26. Kxg2 g5 27. a3 Nc6 28. Rb2 a5 29. Nf3 gxf4 30. gxf4 Kf7 31. Kh2 Rg8 32. Rg2 Rxg2+ 33. Kxg2 Rg8+ 34. Kf2 Ne7 35. Nh4 Rb8 36. a4 Rg8 37. Rd1 Nc6 38. Rd2 Nb4 39. Ng2 Kg6 40. Kf3 Kf7 41. Kf2 Nc6 42. Nh4 Ne7 43. Rd1 Rg7 44. Rf1 Ng6 45. Nxg6 Rxg6 46. Rg1 Rxg1 47. Kxg1 Kg6 48. Kg2 Kh5 49. Kg3 Kg6 50. Kh4 h5 51. Kg3 Kh6 52. h4 1/2-1/2

[Event "SVK-chT2B 1516"]
[Site "Slovakia"]
[Date "2015.10.17"]
[Round "1.1"]
[White "Vrbica, Ladislav"]
[Black "Cvirik, Vladimir"]
[Result "1/2-1/2"]
[WhiteElo "1972"]
[BlackElo "1873"]
[PlyCount "50"]
[EventDate "2015.10.17"]
[EventType "team-tourn"]
[EventRounds "11"]
[EventCountry "SVK"]
[SourceTitle "EXT 2019"]
[Source "ChessBase"]
[SourceDate "2018.10.10"]
[SourceVersion "1"]
[SourceVersionDate "2018.10.10"]
[SourceQuality "1"]
[WhiteTeam "Povazska Bystrica SKS II"]
[BlackTeam "Surany Lokomotiva"]
[WhiteTeamCountry "SVK"]
[BlackTeamCountry "SVK"]

1. c4 c5 2. Nc3 Nc6 3. Nf3 g6 4. g3 Bg7 5. Bg2 e6 6. 0-0 Nge7 7. e3 0-0 8. d4 cxd4 9. Nxd4 a6 10. b3 Qc7 11. Bb2 b6 12. Rc1 Bb7 13. Nxc6 dxc6 14. Qe2 c5 15. Rfd1 Bxg2 16. Kxg2 Rad8 17. f3 Nc6 18. Rxd8 Rxd8 19. Rd1 Rd7 20. Rxd7 Qxd7 21. Ne4 e5 22. Bc3 f5 23. Qd2 Qxd2+ 24. Nxd2 Kf7 25. Kf2 Ke6 1/2-1/2

[Event "SVK-chT2B 1213"]
[Site "Slovakia"]
[Date "2012.12.02"]
[Round "4"]
[White "Cvirik, Vladimir"]
[Black "Bugar, Anton"]
[Result "1/2-1/2"]
[WhiteElo "1887"]
[BlackElo "1979"]
[PlyCount "101"]
[EventDate "2012.10.13"]
[EventType "team-tourn"]
[EventRounds "11"]
[EventCountry "SVK"]
[SourceTitle "EXT 2015"]
[Source "ChessBase"]
[SourceDate "2014.11.20"]
[SourceVersion "1"]
[SourceVersionDate "2014.11.20"]
[SourceQuality "1"]
[WhiteTeam "Surany"]
[BlackTeam "Bojnice"]
[WhiteTeamCountry "SVK"]
[BlackTeamCountry "SVK"]

1. d4 f5 2. c4 Nf6 3. Nc3 e6 4. Nf3 Be7 5. Bf4 0-0 6. g3 Ne4 7. Bg2 Nxc3 8. bxc3 d6 9. 0-0 Nd7 10. Re1 g5 11. Bc1 c6 12. Nd2 d5 13. cxd5 exd5 14. c4 Nb6 15. c5 Nd7 16. f3 Bf6 17. Bb2 Nxc5 18. Nb3 Na4 19. Ba3 Be7 20. Bxe7 Qxe7 21. e4 dxe4 22. fxe4 f4 23. Qd3 Nb6 24. Rac1 Bg4 25. Bf3 Bxf3 26. Qxf3 fxg3 27. Qxg3 Rf4 28. Rc5 h6 29. Re5 Qf7 30. Qh3 Rf8 31. Qe6 Nd7 32. Qxf7+ Kxf7 33. Ra5 a6 34. d5 Ne5 35. Rf1 Kg6 36. Rxf4 Rxf4 37. dxc6 Nxc6 38. Ra4 a5 39. Nc5 b5 40. Ra3 h5 41. Rd3 Ne5 42. Rd6+ Rf6 43. Rd5 Nf3+ 44. Kg2 g4 45. Nd7 Rc6 46. Nc5 b4 47. Kg3 Ng5 48. Kh4 Ne6 49. Nxe6 Rxe6 50. Rxh5 Rxe4 51. Rxa5 1/2-1/2

[Event "SVK-chT2B 1112"]
[Site "Slovakia"]
[Date "2012.02.26"]
[Round "11.6"]
[White "Malinovsky, Jozef"]
[Black "Cvirik, Vladimir"]
[Result "1-0"]
[WhiteElo "1830"]
[BlackElo "1920"]
[PlyCount "129"]
[EventDate "2011.10.08"]
[EventType "team-tourn"]
[EventRounds "11"]
[EventCountry "SVK"]
[SourceTitle "EXT 2013"]
[Source "ChessBase"]
[SourceDate "2012.11.22"]
[SourceVersion "1"]
[SourceVersionDate "2012.11.22"]
[SourceQuality "1"]
[WhiteTeam "Belusa Hermes"]
[BlackTeam "Surany Lokomotiva"]
[WhiteTeamCountry "SVK"]
[BlackTeamCountry "SVK"]

1. d4 d5 2. Nf3 g6 3. c4 dxc4 4. e3 Nf6 5. Bxc4 e6 6. 0-0 Bg7 7. Nc3 0-0 8. Qc2 Nd5 9. Bd2 c6 10. Rad1 Nd7 11. e4 Nxc3 12. Bxc3 b5 13. Be2 Bb7 14. d5 cxd5 15. Bxg7 Kxg7 16. exd5 Bxd5 17. Bxb5 Rc8 18. Qd3 Nf6 19. Qa3 Qb6 20. Ba4 Rc7 21. Nd4 a6 22. Bb3 Bxb3 23. Nxb3 Rfc8 24. Rd6 Rc6 25. Rfd1 Ne4 26. R6d4 Rc2 27. Qb4 Qxb4 28. Rxb4 Nxf2 29. Rd7 Rxb2 30. Rf4 Nh3+ 31. gxh3 Rcc2 32. Rdxf7+ Kh8 33. Rf2 Rxa2 34. Rxc2 Rxc2 35. Nd4 Rc1+ 36. Kf2 e5 37. Ne2 Rc4 38. Re7 Rc5 39. h4 a5 40. Kg3 a4 41. Ra7 Rc4 42. Ra5 Re4 43. Ng1 Re3+ 44. Kf2 Re4 45. Nf3 Rb4 46. Rxe5 a3 47. Ra5 Rb2+ 48. Ke3 a2 49. Nd2 Rb4 50. Rxa2 Rxh4 51. Nf3 Rb4 52. Rg2 Kg7 53. Nd4 Rb6 54. Ke4 Rf6 55. Ke5 Rf1 56. Ra2 h5 57. Ne6+ Kh6 58. Ra8 Re1+ 59. Kf6 Rf1+ 60. Ke7 Kh7 61. Rf8 Rxf8 62. Kxf8 Kh6 63. h4 g5 64. Nxg5 Kg6 65. Nf3 1-0

[Event "SVK-chT2B 10/11"]
[Site "Slovakia"]
[Date "2011.03.06"]
[Round "9.4"]
[White "Cvirik, Vladimir"]
[Black "Urbanic, Martin"]
[Result "0-1"]
[WhiteElo "1922"]
[BlackElo "1413"]
[PlyCount "116"]
[EventDate "2010.10.23"]
[EventType "team-tourn"]
[EventRounds "11"]
[EventCountry "SVK"]
[SourceTitle "EXT 2019"]
[Source "ChessBase"]
[SourceDate "2018.10.10"]
[SourceVersion "1"]
[SourceVersionDate "2018.10.10"]
[SourceQuality "1"]
[WhiteTeam "Surany Lokomotiva"]
[BlackTeam "Povazska Bystrica SK Sparta"]
[WhiteTeamCountry "SVK"]
[BlackTeamCountry "SVK"]

1. d4 d5 2. c4 e6 3. Nf3 c5 4. cxd5 Qxd5 5. Nc3 Qd8 6. Bf4 Nc6 7. e3 Nf6 8. Bb5 Bd7 9. 0-0 Be7 10. e4 cxd4 11. Nxd4 Nxd4 12. Qxd4 Bxb5 13. Qxd8+ Bxd8 14. Nxb5 Nxe4 15. Rfe1 Nc5 16. Rad1 b6 17. Nd6+ Kf8 18. b4 Na6 19. a3 Nc7 20. Re3 Be7 21. Rf3 Nd5 22. Bg3 Bxd6 23. Bxd6+ Ke8 24. Rfd3 f6 25. Re1 Kf7 26. Bg3 Rhe8 27. f4 f5 28. h4 Rac8 29. Red1 Rc6 30. Bh2 Rec8 31. Kf2 Rc3 32. Ke2 h5 33. Kf3 Rxd3+ 34. Rxd3 Rc3 35. Rxc3 Nxc3 36. Ke3 Ke7 37. Kd4 Nb5+ 38. Kd3 Nxa3 39. Bg1 Kd6 40. Bd4 g6 41. Bb2 Nb5 42. Kc4 Kc6 43. g3 Nd6+ 44. Kd4 Nf7 45. Kc4 b5+ 46. Kd4 Kd6 47. Bc1 Nd8 48. Bd2 Nc6+ 49. Kd3 Kd5 50. Bc3 a6 51. Bd2 e5 52. fxe5 Nxe5+ 53. Kc3 Ke4 54. Bf4 Nf3 55. Bh6 Ng1 56. Kd2 Kf3 57. g4 hxg4 58. Ke1 g3 0-1

[Event "SVK-chT2B 10/11"]
[Site "Slovakia"]
[Date "2011.02.06"]
[Round "7.3"]
[White "Baranek, Jozef"]
[Black "Cvirik, Vladimir"]
[Result "1-0"]
[WhiteElo "2163"]
[BlackElo "1922"]
[PlyCount "123"]
[EventDate "2010.10.23"]
[EventType "team-tourn"]
[EventRounds "11"]
[EventCountry "SVK"]
[SourceTitle "EXT 2019"]
[Source "ChessBase"]
[SourceDate "2018.10.10"]
[SourceVersion "1"]
[SourceVersionDate "2018.10.10"]
[SourceQuality "1"]
[WhiteTeam "Komarno KSC"]
[BlackTeam "Surany Lokomotiva"]
[WhiteTeamCountry "SVK"]
[BlackTeamCountry "SVK"]

1. g3 Nf6 2. Bg2 d5 3. c4 e6 4. Qc2 c6 5. f4 Bc5 6. Nf3 dxc4 7. Qxc4 Qe7 8. d4 Bb4+ 9. Nc3 Nd5 10. e4 Nb6 11. Qb3 0-0 12. a3 Bxc3+ 13. bxc3 c5 14. 0-0 c4 15. Qa2 Bd7 16. a4 Rc8 17. a5 Na4 18. Qc2 b5 19. axb6 axb6 20. Ne5 b5 21. Ba3 Qe8 22. f5 exf5 23. exf5 Ra6 24. Rae1 Qd8 25. Nxd7 Nxd7 26. Bb7 Rb6 27. Bxc8 Qxc8 28. Re7 Nf6 29. Rfe1 h6 30. Bb4 Qc6 31. R7e5 Rb8 32. Qg2 Qd7 33. g4 Nb6 34. Re7 Qd5 35. h3 Qxg2+ 36. Kxg2 Nbd5 37. Ra7 Nxb4 38. cxb4 Nd5 39. Rea1 c3 40. Ra8 Rf8 41. Kf3 Nxb4 42. Ke2 Nd5 43. Kd3 b4 44. Rxf8+ Kxf8 45. Kc4 Ne3+ 46. Kb3 Nd5 47. Ra5 Nf4 48. Rb5 Nxh3 49. Rxb4 Nf4 50. Rb8+ Ke7 51. Kxc3 Nd5+ 52. Kc4 Ne3+ 53. Kc5 Nxg4 54. d5 Ne5 55. d6+ Kf6 56. Re8 Nd3+ 57. Kb6 Ne5 58. Rxe5 Kxe5 59. d7 Kxf5 60. d8Q g5 61. Kc5 Kg4 62. Qf6 1-0